German Kreis... or TPC Character? - Statistics

General Stats
  • This quiz has been taken 45 times
  • The average score is 9 of 10
Answer Stats
Question Answer % Correct
Circubit Pink Corruption Character
100%
Purpex Pink Corruption Character
100%
Squadril Pink Corruption Character
100%
Oberhavel German Kreis
91%
Kleve German Kreis
91%
Bautzen German Kreis
91%
Stendal German Kreis
91%
Pentellow Pink Corruption Character
91%
Stormarn German Kreis
82%
Waldshut German Kreis
82%
No matching quizzes found
Score Distribution
Percent of People with Each Score
Percentile by Number Answered
Your Score History
You have not taken this quiz